| Tag |
First Indicator |
Second Indicator |
Subfields |
| LEADER |
00000cam a2200000 a 4500 |
| 001 |
in00000092136 |
| 005 |
20150923131920.0 |
| 008 |
800624s1980 dcu b 00000 engm |
| 010 |
|
|
|a 80081208
|
| 020 |
|
|
|a 0936678011
|
| 035 |
|
|
|a (OCoLC)06296390
|
| 035 |
|
|
|9 AAK7213AM
|
| 040 |
|
|
|a DLC
|c DLC
|d m.c.
|d TXA
|d UtOrBLW
|
| 043 |
|
|
|a n-us---
|
| 049 |
|
|
|a TXAM
|c [1197291]
|
| 050 |
0 |
0 |
|a HJ2052
|b .P47
|
| 082 |
0 |
|
|a 350.72/2
|
| 245 |
0 |
0 |
|a Perspectives on budgeting /
|c edited by Allen Schick.
|
| 264 |
|
1 |
|a Washington, D.C. :
|b American Society for Public Administration,
|c [1980]
|
| 264 |
|
4 |
|c ©1980
|
| 300 |
|
|
|a viii, 192 pages ;
|c 23 cm.
|
| 336 |
|
|
|a text
|b txt
|2 rdacontent
|
| 337 |
|
|
|a unmediated
|b n
|2 rdamedia
|
| 338 |
|
|
|a volume
|b nc
|2 rdacarrier
|
| 490 |
1 |
|
|a PAR classics series ;
|v 2
|
| 500 |
|
|
|a Selections from four decades of the Public administration review.
|
| 504 |
|
|
|a Includes bibliographical references.
|
| 650 |
|
0 |
|a Budget
|z United States.
|
| 650 |
|
0 |
|a Program budgeting
|z United States.
|
| 700 |
1 |
|
|a Schick, Allen.
|
| 730 |
0 |
|
|a Public administration review.
|
| 830 |
|
0 |
|a PAR classics series ;
|v 2.
|
| 999 |
|
|
|a MARS
|
| 999 |
f |
f |
|s 7ac5e510-55d9-34a6-a489-4072a4fe0104
|i 7c79f551-ade2-3f4d-8882-b56222a77925
|t 0
|
| 952 |
f |
f |
|p ric
|a Texas A&M University
|b Rellis Campus
|c Joint Library Facility
|d Remote Storage
|t 0
|e HJ2052 .P47
|h Library of Congress classification
|i unmediated -- volume
|m A14806005649
|
| 998 |
f |
f |
|a HJ2052 .P47
|t 0
|l Remote Storage
|